Cotton and the Egyptian economy, 1820-1914 : a study in trade and development /

محفوظ في:

المؤلف الرئيسي: Owen, Roger, 1935- (مؤلف)

التنسيق: كتاب

اللغة: English

الموضوعات:

الوسوم: إضافة وسم

لا توجد وسوم, كن أول من يضع وسما على هذه التسجيلة!

رقم الطلب: HD9087 .E42 O9 1969

LEADER 01106namaa2200325 4500
001 20531
003 OSt
005 20210125133421.0
008 130303s1969 enk g b 000 0 eng d
952 |0 0  |1 0  |2 lcc  |4 0  |6 HD9087 E42 O9 01969  |7 1  |9 9799  |a ARCE  |b ARCE  |d 2021-01-25  |l 0  |o HD9087 .E42 O9 1969  |p 1000651  |r 2021-01-25 00:00:00  |w 2021-01-25  |y BK 
999 |c 18147  |d 18147 
010 |a 74386956 
020 |a 0198216432 
040 |c ARCE Library 
043 |a f-ua--- 
050 0 4 |a HD9087 .E42 O9 1969 
100 1 |a Owen, Roger,  |d 1935-  |e author 
245 1 0 |a Cotton and the Egyptian economy, 1820-1914 :   |b a study in trade and development /   |c by E. R. J. Owen. 
264 1 |a Oxford :  |b Clarendon P.,  |c 1969. 
300 |a xxvi, 416 pages ;  |c 23 cm. 
336 |a text  |b txt  |2 rdacontent 
337 |a unmediated  |b n  |2 rdamedia 
338 |a volume  |b nc  |2 rdacarrier 
500 |a Revision of thesis, Oxford University. 
504 |a Bibliography : pages [390]-402. 
650 0 |a Cotton trade  |z Egypt. 
650 0 |a Cotton growing  |z Egypt. 
651 0 |a Egypt  |x Economic conditions. 
901 |a reviewed 
942 |c BK  |2 lcc